000 00733nam a2200301Ia 4500
005 20260401122447.0
008 008 250103s9999 xx 000 0 eng d
020 _a97804115830980
037 _aTB
040 _aEDL
040 _beng
040 _cEDL
041 _2eng
041 _aeng
084 _a820.9BEH
084 _qEDL
100 _aEdited by Behlman, Lee | Edited by Longmuir, Anne
_91233694
245 0 _aVictorian Literature: Criticsim and Debates
245 0 _cEdited by Behlman, Lee | Edited by Longmuir, Anne
260 _aLondon
260 _bRoutledge
260 _c2015
300 _a450p
942 _cTB
942 _h820.9BEH
999 _c1847427
_d1847427